| 000 | 00845nam a2200253 i 4500 | ||
|---|---|---|---|
| 001 | 110697 | ||
| 003 | ES-MaACL | ||
| 005 | 20250714063721.0 | ||
| 007 | t| | ||
| 008 | 070119s1987 sp ||||1| spa d | ||
| 020 | _a84-7046-448-5 | ||
| 080 | _a1 Pascal, Blaise | ||
| 100 | 1 |
_aVillar Ezcurra, Alicia. _9115085 |
|
| 245 | 1 | 0 |
_aPascal _b: ciencia y creencia / _cAlicia Villar Ezcurra ; prólogo de Sergio Rábade Romeo. |
| 260 |
_aMadrid : _bCincel, _c1987. |
||
| 300 |
_a209 p. : _bil. ; _c19 cm. |
||
| 490 | 1 |
_aHistoria de la filosofía ; _v38 |
|
| 504 | _aBibliografía: p. 207-209. Indice. | ||
| 600 | 1 | 4 |
_aPascal, Blaise, _d1623-1662- _xCrítica e interpretación _989308 |
| 700 | 1 |
_aRábade Romeo, Sergio. _994831 |
|
| 830 | 0 |
_aHistoria de la filosofía ; _v38 _9181726 |
|
| 852 |
_aES-MaACL _jL-15605 |
||
| 999 |
_c110697 _d110697 |
||